New Headway English Course : Intermediate Class Cassette 1 /

Enregistré dans:
Détails bibliographiques
Auteurs principaux: Soars, John (Auteur), Soars, Liz (Auteur)
Format: Audio
Langue:anglais
Publié: Oxford : Oxford University Press, 1996
Tags: Ajouter un tag
Pas de tags, Soyez le premier à ajouter un tag!

MARC

LEADER 00000njm a22000003a 4500
001 stu24031
005 20160303083024.8
008 960722s1996----uk------------------eng-d
020 |a 0-19-470227-8 
040 |a STU  |b slo 
041 0 |a eng 
044 |a uk 
080 |a 802.0 
100 1 |a Soars, John  |4 aut 
245 1 |a New Headway English Course :  |b Intermediate Class Cassette 1 /  |c [aut.]Soars,Liz, Soars,John 
260 |a Oxford :  |b Oxford University Press,  |c 1996 
700 1 |a Soars, Liz  |4 aut 
996 |b CUP175  |c C*UP175  |l CCXVII  |s P  |a 0  |w stu24031_0001 
996 |b CUP188  |c C*UP188  |l CCXVII  |s P  |a 0  |w stu24031_0002 
996 |b CUP194  |c C*UP194  |l CCI  |s A  |a 24  |w stu24031_0003